| 000 | 00470nam a22001457a 4500 | ||
|---|---|---|---|
| 008 | 150424b xxu||||| |||| 00| 0 eng d | ||
| 082 |
_a708 _bA 769d |
||
| 100 |
_aAro, Elizabeth _92458 |
||
| 245 |
_aElizabeth Aro _bDe la gente y el paisaje _cAro, Elizabeth |
||
| 260 |
_aCádiz _bIngrasa, Industrias gráficas S.A _c2001 |
||
| 300 |
_a26 p. _bill. _c23 cm |
||
| 440 |
_aLas playas 2001 _92459 |
||
| 650 |
_xArte moderno _xExhibiciones _xS. XX _92460 |
||
| 700 |
_aElizabeth Aro _92461 |
||
| 999 |
_c534 _d534 |
||